000 00842nam a2200289Ia 4500
001 Para_1499
003 CHAP
008 220125s1986 xx 000 0 und d
010 _a198741
040 _cCHAP
082 _aPA 595.70524 M5
100 _aMiller, James R., ed.
_9164043
245 _aInsect-plant interactions /
_c by James R. Miller and Thomas A. Miller
260 _aNew York :
_b Springer-Verlag
300 _a342 p.
440 _aSpringer series in experimental entomology
_9109287
650 _aInteracción huésped
_xparásito
_9164033
650 _aPlantas e insectos
_988939
700 _aMiller, Thomas A.
_975806
901 _aPA 595.70524 M5
902 _aA
905 _a0000001986 a 0000000000 00
910 _a1986
942 _cPARA
942 _cPARA
_d1
999 _c198741
_d198741